000 00347nam a2200109 4500
999 _c508262
_d508262
082 _aB136x54 /T
100 _aIndia. Ministry of Community Development and Co=-operation
_93461
245 _aThey shall live again
_cby Ministry of Community Development and Co=-operation
260 _aNew Delhi
_bGovernment of India
300 _a14p.
942 _2ddc